| 000 | 01092nam a2200217 a 4500 | ||
|---|---|---|---|
| 001 | 45662 | ||
| 005 | 20230414123621.0 | ||
| 008 | 140415s1984 mx 000 0 spa d | ||
| 020 | _a968130537X | ||
| 041 | _aspa | ||
| 082 |
_a150 _bLOS |
||
| 100 | 1 | _aLOSONCY, LEWIS | |
| 245 | 1 | 0 | _aCOMO TRANSFORMAR A LA GENTE EN PERSONAS POSITIVAS |
| 250 | _a1a ed. | ||
| 260 |
_aMEXICO : _bDIANA, _c1984 |
||
| 300 |
_a127 _c14.6 x 1.3 x 21.7 |
||
| 520 | _aVIVIMOS EN UNA EPOCA LLENA DE ANSIEDAD, DE DEPRESION, DE SOLEDAD Y , ALGUNAS VECES, DE PRESION ABRUMADORA. ESTE LIBRO ESTUDIA LA FUERZA MAS IMPORTANTE QUE PUEDE CONTRARRESTAR ESTOS PROBLEMAS. ESA FUERZA ES USTED COMO PERSONA MOTIVADORA Y ALENTADORA. ESTE LIBRO LE PROPORCIONA UN MEDIO PARA COMPRENDER GRADUALMENTE Y PARA SABER CÓMO DESARROLLAR SU POTENCIAL COMO MOTIVADOR PARA AQUELLOS QUE LO RODEAN. LAS PERSIONAS QUE SON INFELICES, IMCUMPLIDAS, ANSIOSAS Y QUE SUFREN SENTIMIENTOS ALIEN | ||
| 650 | 1 | 4 | _aMOTIVACION (PSICOLOGIA) |
| 700 | 1 |
_aTELLECHEA DE SALMERÓN, MA. TERESA _etr. |
|
| 740 | _aTURNING PEOPLE ON HOW TO BE AN ENCOURAGING PERSON | ||
| 999 |
_c45662 _d45662 |
||